3 plus grandes villes par canton suisse avec une carte - Statistiques

Statistiques générales
  • Ce quiz a été pris 2 186 fois
  • Le résultat moyen est 19 sur 78
Réponses sur la Carte
Les réponses sont colorées sur une échelle allant du rouge au vert en fonction du pourcentage des utilisateurs qui les ont devinées à leur premier essai. Vous pouvez retrouver ces pourcentages ci-dessous.
 
Statistiques - réponses
Canton Population Commune % Correct
Genève 203'951 Genève
97%
Berne 134'591 Berne
93%
Zurich 420'217 Zurich
93%
Vaud 139'408 Lausanne
88%
Bâle-Ville 173'232 Bâle
82%
Neuchâtel 44'588 Neuchâtel
67%
Lucerne 82'257 Lucerne
61%
Fribourg 38'197 Fribourg
58%
Valais 34'710 Sion
56%
Tessin 62'615 Lugano
55%
Vaud 25'984 Montreux
53%
Saint-Gall 76'090 Saint-Gall
52%
Zoug 30'618 Zoug
37%
Berne 55'602 Biel/Bienne
36%
Vaud 30'156 Yverdon-les-Bains
36%
Schaffhouse 36'604 Schaffhouse
34%
Soleure 16'933 Soleure
34%
Tessin 15'776 Locarno
33%
Grisons 37'082 Coire
32%
Jura 12'566 Delémont
32%
Valais 20'210 Martigny
32%
Zurich 113'173 Winterthour
32%
Tessin 43'279 Bellinzone
31%
Berne 43'632 Thoune
30%
Argovie 21'773 Aarau
29%
Appenzell Rhodes-Intérieures 5778 Appenzell
29%
Grisons 10'862 Davos
29%
Neuchâtel 37'494 La Chaux-de-Fonds
29%
Glaris 12'511 Glaris
28%
Schwytz 15'239 Schwytz
28%
Fribourg 23'871 Bulle
25%
Jura 6563 Porrentruy
25%
Thurgovie 25'781 Frauenfeld
18%
Valais 17'894 Monthey
18%
Soleure 18'399 Olten
18%
Uri 9537 Altdorf
17%
Genève 33'377 Lancy
16%
Argovie 19'547 Baden
15%
Appenzell Rhodes-Extérieures 15'763 Herisau
15%
Nidwald 8254 Stans
15%
Genève 34'958 Vernier
15%
Saint-Gall 27'277 Rapperswil-Jona
13%
Obwald 10'458 Sarnen
13%
Saint-Gall 24'159 Wil
13%
Lucerne 31'043 Emmen
11%
Soleure 17'468 Granges
10%
Thurgovie 22'188 Kreuzlingen
10%
Zoug 24'617 Baar
9%
Zoug 16'893 Cham
9%
Lucerne 27'847 Kriens
9%
Fribourg 12'228 Villars-sur-Glâne
9%
Bâle-Ville 21'449 Riehen
8%
Zurich 35'007 Uster
8%
Neuchâtel 17'017 Val-de-Ruz
8%
Bâle-Campagne 21'090 Allschwil
7%
Thurgovie 14'796 Arbon
7%
Glaris 18'626 Glaris Nord
7%
Glaris 9453 Glaris Sud
7%
Grisons 8926 Landquart
7%
Bâle-Campagne 17'910 Muttenz
7%
Bâle-Campagne 19'181 Reinach
7%
Schwytz 16'106 Einsiedeln
6%
Schaffhouse 10'467 Neuhausen am Rheinfall
6%
Argovie 20'934 Wettingen
6%
Obwald 6053 Alpnach
5%
Bâle-Ville 1163 Bettingen
5%
Nidwald 5285 Buochs
5%
Schwytz 16'506 Freienbach
5%
Jura 7071 Haute-Sorne
5%
Nidwald 5776 Hergiswil
5%
Obwald 6295 Kerns
5%
Appenzell Rhodes-Extérieures 4408 Speicher
5%
Appenzell Rhodes-Extérieures 6362 Teufen
5%
Uri 3995 Bürglen
4%
Appenzell Rhodes-Intérieures 3692 Rüte
4%
Uri 5413 Schattdorf
4%
Appenzell Rhodes-Intérieures 2184 Schwende
4%
Schaffhouse 5547 Thayngen
4%
Aucun quiz correspondant
Distribution des résultats
% des personnes avec chaque résultat
Percentile par nombre de réponses
Votre historique - résultats
Vous n’avez pas pris ce quiz